000 00468nam a2200169 a 4500
001 0000-8875
003 ELIB.Books
008 110520 1956
035 _a(ELIB.Books)0000-9022
082 _a922.6
_bAnd
100 _aAnderson, Courtney
245 _aTo the Golden Shore: the life of Adoniram Judson
260 _bBoston: Little, Brown and Company
_c1956
650 _aGeography and History
942 _2ddc
_cBK
998 _cbat
_e2011-05-20
999 _c8875
_d8875